90 Second Country/Capital Sprint #3 - Statistics

General Stats
  • This quiz has been taken 302 times
  • The average score is 16 of 21
Answer Stats
Hint Answer % Correct
Seoul South Korea
97%
Bangkok Thailand
95%
Poland Warsaw
95%
India New Delhi
93%
Kiev Ukraine
92%
Kingston Jamaica
85%
Bulgaria Sofia
85%
Zagreb Croatia
83%
Islamabad Pakistan
83%
Romania Bucharest
81%
Colombia Bogota
80%
Vietnam Hanoi
77%
Latvia Riga
76%
Port-au-Prince Haiti
72%
Nicosia Cyprus
69%
Malta Valletta
69%
Skopje Macedonia
63%
Port Louis Mauritius
42%
Lesotho Maseru
40%
AMSTERDAM
39%
Tuvalu Funafuti
37%
No matching quizzes found
Score Distribution
Percent of People with Each Score
Percentile by Number Answered
Your Score History
You have not taken this quiz